000 00492nam a2200157Ia 4500
003 OSt
005 20230831163454.0
008 230125s9999 xx 000 0 und d
020 _a9789351791515
082 _a253
_bKHAL
100 _aKHAN, Maulana Wahiduddin
245 0 _aLeading a spiritual life : a spiritual persons is like the flowers that can live with fragrance in the neighbourhood of thorns
260 _bNew Delhi: Goodword Book, 2019
_c2019
650 _aReligion
942 _cBK
_2ddc
999 _c340
_d340